Southville International School and Colleges
Your cart is empty.
  • Cart
  • Lists
    Public lists Eva Luna New books Lux_list list_1
    Your lists Log in to create your own lists
  • Log in to your account
  • Your cookies
  • Search history
Southville International School and Colleges
  • Advanced search
  • Recent comments
  • Most popular
  • Libraries

Log in to your account

Log in with GOOGLE


If you do not have an external account, but do have a local account, you can still log in:

  1. Home
  2. MARC view: Purple is my game, Morgan is my name /
Normal view MARC view ISBD view

Purple is my game, Morgan is my name / (Record no. 8282)

[ view plain ]
MARC details
000 -LEADER
fixed length control field 01033cam a22003373a 4500
001 - CONTROL NUMBER
control field 12506299
003 - CONTROL NUMBER IDENTIFIER
control field OSt
005 - DATE AND TIME OF LATEST TRANSACTION
control field 20160727144834.0
008 - FIXED-LENGTH DATA ELEMENTS--GENERAL INFORMATION
fixed length control field 980217s1998 nyua c 000 1 eng d
010 ## - LIBRARY OF CONGRESS CONTROL NUMBER
LC control number 99610956
020 ## - INTERNATIONAL STANDARD BOOK NUMBER
International Standard Book Number 0671002805
035 ## - SYSTEM CONTROL NUMBER
System control number 97959
035 ## - SYSTEM CONTROL NUMBER
System control number (OCoLC)ocm38452725
040 ## - CATALOGING SOURCE
Original cataloging agency JDP
Transcribing agency JDP
Modifying agency SLC
-- LEO
-- DLC
042 ## - AUTHENTICATION CODE
Authentication code lccopycat
050 00 - LIBRARY OF CONGRESS CALL NUMBER
Classification number PZ 7
Item number .M647 1998
082 ## - DEWEY DECIMAL CLASSIFICATION NUMBER
Classification number KF
Item number M61p 1998
100 1# - MAIN ENTRY--PERSONAL NAME
Personal name Miller, Judi
9 (RLIN) 6779
245 10 - TITLE STATEMENT
Title Purple is my game, Morgan is my name /
Statement of responsibility, etc Judi Miller.
260 ## - PUBLICATION, DISTRIBUTION, ETC. (IMPRINT)
Place of publication, distribution, etc New York :
Name of publisher, distributor, etc Pocket Books,
Date of publication, distribution, etc c1998.
300 ## - PHYSICAL DESCRIPTION
Extent 118 p. ;
Dimensions 19 cm.
500 ## - GENERAL NOTE
General note "A Minstrel Book."
520 ## - SUMMARY, ETC.
Summary, etc Morgan wanted many things, a new name, boyfriend, dog, and her divorced parents to bet back together.
562 ## - COPY AND VERSION IDENTIFICATION NOTE
Number of copies 1
655 #7 - INDEX TERM--GENRE/FORM
Genre/form data or focus term Children's stories.
Source of term lcsh
9 (RLIN) 3012
710 2# - ADDED ENTRY--CORPORATE NAME
Corporate name or jurisdiction name as entry element Copyright Paperback Collection (Library of Congress)
Institution to which field applies DLC
9 (RLIN) 705
906 ## - LOCAL DATA ELEMENT F, LDF (RLIN)
a 7
b cbc
c copycat
d 2
e ncip
f 20
g y-genrareb
942 ## - ADDED ENTRY ELEMENTS (KOHA)
Source of classification or shelving scheme Library of Congress Classification
Koha item type Books
Holdings
Withdrawn status Lost status Source of classification or shelving scheme Damaged status Home library Current library Shelving location Date acquired Source of acquisition Total Checkouts Full call number Barcode Date last seen Copy number Price effective from Koha item type
    Library of Congress Classification   Luxembourg Library Luxembourg Library Kids Fiction Section 07/31/2013 Donation   PZ 7 .M647 1998 10098 08/13/2013 1 07/31/2013 Books

Purple is my game, Morgan is my name /

APA

Miller J., Copyright Paperback Collection (Library of Congress), . (1998). Purple is my game, Morgan is my name. New York: Pocket Books.

Chicago

Miller Judi, Copyright Paperback Collection (Library of Congress), . 1998. Purple is my game, Morgan is my name. New York: Pocket Books.

Harvard

Miller J., Copyright Paperback Collection (Library of Congress), . (1998). Purple is my game, Morgan is my name. New York: Pocket Books.

MLA

Miller Judi, Copyright Paperback Collection (Library of Congress), . Purple is my game, Morgan is my name. New York: Pocket Books. 1998.

  • Place hold
  • Print
  • Cite
  • Add to your cart (remove)
  • Save record
    BIBTEX Dublin Core MARCXML MARC (non-Unicode/MARC-8) MARC (Unicode/UTF-8) MARC (Unicode/UTF-8, Standard) MODS (XML) RIS
  • More searches
    Search for this title in:
    Other Libraries (WorldCat) Other Databases (Google Scholar) Online Stores (Bookfinder.com) Open Library (openlibrary.org)

Exporting to Dublin Core...

SOUTHVILLE LIBRARY

Southville International School and Colleges Library

1281 Tropical Ave. Cor. Luxembourg St., BF Homes International, Las Pinas City

Tel. No. 8256374 / 252358 Loc. 117/146

Powered by Koha